5HLuxD.jpg

KING HENRY VIII SENIOR AND PRIMARY SCHOOL LIBRARY OPAC

The forest in the sky / (Record no. 5342)

000 -LEADER
fixed length control field 01826cam a22004578i 4500
001 - CONTROL NUMBER
control field 24089785
003 - CONTROL NUMBER IDENTIFIER
control field OSt
005 - DATE AND TIME OF LATEST TRANSACTION
control field 20250908105230.0
007 - PHYSICAL DESCRIPTION FIXED FIELD--GENERAL INFORMATION
fixed length control field t|
008 - FIXED-LENGTH DATA ELEMENTS--GENERAL INFORMATION
fixed length control field 250317s2025 nyu c 000 1 eng
010 ## - LIBRARY OF CONGRESS CONTROL NUMBER
LC control number 2025007518
020 ## - INTERNATIONAL STANDARD BOOK NUMBER
International Standard Book Number 9781035021239
035 ## - SYSTEM CONTROL NUMBER
System control number 24089785
035 ## - SYSTEM CONTROL NUMBER
System control number (DLC)24089785
040 ## - CATALOGING SOURCE
Original cataloging agency DLC
Language of cataloging eng
Description conventions rda
Transcribing agency DLC
Modifying agency DLC-MRC
-- KH8
042 ## - AUTHENTICATION CODE
Authentication code pcc
-- cyac
082 ## - DEWEY DECIMAL CLASSIFICATION NUMBER
Classification number FIC THO
100 1# - MAIN ENTRY--PERSONAL NAME
Personal name Thomson, Pari
Relator term author
245 14 - TITLE STATEMENT
Title The forest in the sky /
Statement of responsibility, etc. Pari Thomson ; illustrations by Elisa Paganelli.
250 ## - EDITION STATEMENT
Edition statement First edition.
264 #1 - PRODUCTION, PUBLICATION, DISTRIBUTION, MANUFACTURE, AND COPYRIGHT NOTICE
Place of production, publication, distribution, manufacture New York :
Name of producer, publisher, distributor, manufacturer Farrar Straus Giroux,
Date of production, publication, distribution, manufacture, or copyright notice 2025.
300 ## - PHYSICAL DESCRIPTION
Extent 387 pages:
Other physical details illustrations ;
Dimensions 20 cm.
336 ## - CONTENT TYPE
Content type term text
Content type code txt
Source rdacontent
336 ## - CONTENT TYPE
Content type term still image
Content type code sti
Source rdacontent
337 ## - MEDIA TYPE
Media type term unmediated
Media type code n
Source rdamedia
338 ## - CARRIER TYPE
Carrier type term volume
Carrier type code nc
Source rdacarrier
490 0# - SERIES STATEMENT
Series statement Greenwild ;
Volume/sequential designation 3
520 ## - SUMMARY, ETC.
Summary, etc. Daisy and her friends set off to rescue her mother and the other Botanists held captive in the Amazon rainforest, but when their mission is thrown off course they must rely on the magic of Amazeria to defeat their enemies.
521 ## - TARGET AUDIENCE NOTE
Target audience note Ages 8-12.
Source Farrar Straus Giroux.
521 ## - TARGET AUDIENCE NOTE
Target audience note Grades 4-6.
Source Farrar Straus Giroux.
650 #1 - SUBJECT ADDED ENTRY--TOPICAL TERM
Topical term or geographic name entry element Magic
Form subdivision Fiction
650 #1 - SUBJECT ADDED ENTRY--TOPICAL TERM
Topical term or geographic name entry element Rescues
Form subdivision Fiction
650 #1 - SUBJECT ADDED ENTRY--TOPICAL TERM
Topical term or geographic name entry element Fantasy
Authority record control number or standard number http://id.loc.gov/authorities/childrensSubjects/sj2001010209
651 #1 - SUBJECT ADDED ENTRY--GEOGRAPHIC NAME
Geographic name Amazon River Region
Form subdivision Fiction
655 #7 - INDEX TERM--GENRE/FORM
Genre/form data or focus term Fantasy fiction
Source of term lcgft
Authority record control number or standard number http://id.loc.gov/authorities/genreForms/gf2014026333
655 #7 - INDEX TERM--GENRE/FORM
Genre/form data or focus term Novels
Source of term lcgft
Authority record control number or standard number http://id.loc.gov/authorities/genreForms/gf2015026020
700 1# - ADDED ENTRY--PERSONAL NAME
Personal name Paganelli, Elisa,
Dates associated with a name 1985-
Relator term illustrator
758 ## - RESOURCE IDENTIFIER
Real World Object URI http://id.loc.gov/resources/instances/24089785
758 ## - RESOURCE IDENTIFIER
Relationship http://id.loc.gov/ontologies/bibframe/instanceOf
Real World Object URI http://id.loc.gov/resources/works/24089785
942 ## - ADDED ENTRY ELEMENTS (KOHA)
Source of classification or shelving scheme
Koha item type Books - Fiction
Holdings
Withdrawn status Lost status Source of classification or shelving scheme Damaged status Not for loan Collection code Permanent Location Current Location Shelving location Date acquired Full call number Barcode Date last seen Price effective from Koha item type
          Fiction KH8 Senior School Library KH8 Senior School Library Fiction 2025-09-08 FIC THO 3KHSL000102392 2025-09-08 2025-09-08 Books - Fiction

Powered By KH8 IT Dept